000 01392namaa22003251i 4500
005 20260608131214.0
008 260608s1994 ua a|||frm||| 000 0 eng d
040 _aEG-GICUC
_beng
_cEG-GICUC
_dEG-GICUC
_erda
041 0 _aeng
_beng
_bara
049 _aDeposit
097 _aM.Sc
099 _aCai01.09.09.M.Sc.1994.Mo.
100 0 _aMohamed abd El - Ghanei Ibrahim,
_epreparation.
245 1 0 _aThe relation between two different types of clasps and their liability for permanent deformation /
_cBy Mohamed abd El - Ghanei Ibrahim ; Supervisors Dr. Farouk Abdalla, Dr. Tarek El Waked, Dr. Mona Ahmed
246 1 5 _aالعلاقة بين نوعين مختلفين من المشابك وقابليتهما للتشوة الدائم
264 0 _c1994.
300 _a76 Leaves
_billustrations
_c30 cm. +
336 _2rda content
_atext
337 _2rdamedia
_aUnmediated
338 _2rdacarrier
_avolume
502 _aThesis (M.Sc.)-Cairo University, 1994
504 _aBibliography: pages 70-76
653 0 _adifferent types of clasps
700 0 _aFarouk Abdalla
_ethesis advisor.
700 0 _aTarek El Waked
_ethesis advisor.
700 0 _aMona Ahmed
_ethesis advisor.
900 _DDepartment of Prosthetic Dentistry
_FFaculty of Oral and Dental Medicine
_UCairo University
_b1994
_cFarouk Abdalla
_cTarek El Waked
_cMona Ahmed
905 _aNehad
942 _2ddc
_cTH
_e21
_n0
999 _c180423